000
00274nam a2200109Ia 4500
001
588623
005
20250717120835.0
008
250717s9999 xx 000 0 und d
245
0
_a
V-4 MASAL SOKAĞI
_c
ŞEBNEM GÜLER KARACAN
260
_b
ERDEM YAYINLARI
_c
2017
300
_b
184
999
_c
588623
_d
588623